00728nam a2200205Ia 450000500170000000800410001702000260005804000240008404100120010808200190012010000220013924500590016126000650022030000220028550400500030760000380035763000580039565000590045385000100051220230109095443.0131103s9999 xx 000 0 und d a9780802805225cRs.598 aLoreto Collegebeng aEnglish a821.3bDON-EDW aEdwards, David L. aJohn DonnebMan of flesh and spirit cDavid L. Edwards aGrand Rapids, MichiganbWm. B. Eerdmans Publishing Co.c2002 axiii,368p b24 cm aIncludes bibliographical references and index aDonne, Johnd1572-1631vBiography aEnglish Literature - History and Criticism, 1572-1631 aPoetry in EnglishvHistory and criticismyEarly modern aLCLIB